All color book of Greek mythology / (Record no. 929)

MARC details
000 -LEADER
fixed length control field 00719nam a2200229Ia 4500
003 - CONTROL NUMBER IDENTIFIER
control field data
005 - DATE AND TIME OF LATEST TRANSACTION
control field 20260322212039.0
008 - FIXED-LENGTH DATA ELEMENTS--GENERAL INFORMATION
fixed length control field data
020 ## - INTERNATIONAL STANDARD BOOK NUMBER
International Standard Book Number 0706401239
020 ## - INTERNATIONAL STANDARD BOOK NUMBER
International Standard Book Number 9780706401233
040 ## - CATALOGING SOURCE
Original cataloging agency OCO
Transcribing agency OCO
Modifying agency CIN
043 ## - GEOGRAPHIC AREA CODE
Geographic area code e-gr---
092 ## - LOCALLY ASSIGNED DEWEY CALL NUMBER (OCLC)
Classification number 292 P3 1972
001 - CONTROL NUMBER
control field data
100 1# - MAIN ENTRY--PERSONAL NAME
Personal name Patrick, Richard.
245 10 - TITLE STATEMENT
Title All color book of Greek mythology /
Statement of responsibility, etc. Richard Patrick & Barbara Leonie Picard.
260 ## - PUBLICATION, DISTRIBUTION, ETC.
Place of publication, distribution, etc. dist. in the USA by Los Angeles :
Name of publisher, distributor, etc. Crescent,
Place of publication, distribution, etc. dist. in the USA by Los Angeles :
Name of publisher, distributor, etc. Crescent,
Date of publication, distribution, etc. 1972.
300 ## - PHYSICAL DESCRIPTION
Extent 71 p. :
Other physical details col. ill. ;
Dimensions 30 cm.
650 #0 - SUBJECT ADDED ENTRY--TOPICAL TERM
Topical term or geographic name entry element Mythology, Greek
General subdivision Juvenile literature.
651 #0 - SUBJECT ADDED ENTRY--GEOGRAPHIC NAME
Geographic name Greece
General subdivision Juvenile literature.
-- Juvenile literature.
700 1# - ADDED ENTRY--PERSONAL NAME
Personal name Picard, Barbara Leonie.
Holdings
Withdrawn status Lost status Damaged status Not for loan Home library Current library Shelving location Date acquired Total checkouts Full call number Barcode Date last seen Price effective from Koha item type
        Centerville Centerville General stacks 22/03/2026   GEN BC0010960 22/03/2026 22/03/2026 Books